| 000 | 01807nam a2200385Ii 4500 | ||
|---|---|---|---|
| 001 | DIGSCR0007 | ||
| 003 | NyNyDIG | ||
| 006 | m o d | ||
| 007 | cr ||||||||||| | ||
| 008 | 100625s1984 mdu o 000 0 spa d | ||
| 020 | _z0916379116 | ||
| 035 | _a(OCoLC)558184052 | ||
| 040 |
_aDGITA _beng _epn _cDGITA |
||
| 043 | _ae-sp--- | ||
| 050 | 1 | 4 | _aPQ6105 eBook |
| 100 | 1 | _aWeiner, Jack. | |
| 245 | 1 | 0 |
_aEn busca de la justicia social : _bestudios sobre el teatro español del siglo de oro / _cJack Weiner. |
| 264 | 1 |
_aPotomac, Md., U.S.A. : _bScripta Humanistica, _c1984. |
|
| 300 | _a1 online resource (vii, 150 pages) | ||
| 336 |
_atext _btxt _2rdacontent |
||
| 337 |
_acomputer _bc _2rdamedia |
||
| 338 |
_aonline resource _bcr _2rdacarrier |
||
| 490 | 1 |
_aScripta humanistica ; _v[5] |
|
| 504 | _aIncludes bibliographical references. | ||
| 505 | 0 | _aLa reina Ester en el teatro del Siglo de Oro español: dos puntos de vista -- La incorporación del indígena a España según tres dramaturgos del Siglo de Oro -- La leyenda de Ciro el Grande en la obra de Lope de Vega -- El Libro de Tobías en la literatura española aureosecular -- La incompatibilidad de Jacob y Esaú en ei teatro español del Siglo de Oro -- El Anfitrión de Plauto en el Siglo de Oro Español -- El camino de Juan de Horozco al obispado de Agrigento. | |
| 630 | 0 | 0 |
_aBible _xIn literature. |
| 650 | 0 |
_aSpanish drama _yClassical period, 1500-1700 _xHistory and criticism. |
|
| 655 | 0 | _aElectronic books. | |
| 791 | 2 |
_aDigitalia (Firm), _edistributor. |
|
| 830 | 0 |
_aScripta Humanistica (Series) ; _v5. |
|
| 793 | 0 |
_gDigitalia eBook Collection: _aScripta Humanistica. |
|
| 856 | 4 | 0 |
_3Digitalia Hispánica _uhttps://www.digitaliapublishing.com/a/192/ |
| 910 | _aPremium Collection: 2007-2012 | ||
| 942 | _cRAA | ||
| 999 |
_c229288 _d229288 |
||